00277nam a2200097Ia 4500008004100000082002000041100002200061245004800083260003800131300001000169210430s9999 xx 000 0 und d a621.381 S2911 G aMitchel E Schultz aGrob,s Basic electronicscMitchel E Schultz aNew DelhibTata McGraw Hillc2007 a1119p